| 000 | 01156cam a22003257a 4500 | ||
|---|---|---|---|
| 003 | CHAP | ||
| 005 | 20220329134648.0 | ||
| 008 | 971013s1972 mx a r 00010 spa d | ||
| 010 | _a23820 | ||
| 011 | _a24792 | ||
| 035 | _a28892 | ||
| 040 | _cCHAP | ||
| 090 | _aFolleto 5128 | ||
| 110 |
_aComisión Nacional de Fruticultura. México _925772 |
||
| 245 | 1 | 3 |
_aLa ciruela mexicana : _bproducción , manejo, industrialización y comercialización en Sinaloa |
| 260 |
_aMéxico, D. F. : _b(s.e.), _c1972 |
||
| 300 |
_a21 p. : _bilus., cuadros |
||
| 490 | 0 |
_aSerie técnica. Folleto _v; 8 |
|
| 590 |
_aBATCH-UPD _b10 _c20130110 _lUCH01 _h2217 |
||
| 590 |
_aBATCH-UPD _b10 _c20130410 _lUCH01 _h1014 |
||
| 590 |
_aBATCH-UPD _b10 _c20130914 _lUCH01 _h0941 |
||
| 590 |
_aCONVERSION _b10 _c20130109 _lUCH01 _h1314 |
||
| 650 | 1 | 4 |
_aCiruela. _923398 |
| 830 | 0 | 0 |
_aSerie técnica. Folleto _v; 8 _9105063 |
| 901 | _aBK | ||
| 942 | _cFOLL | ||
| 949 |
_aFolleto 5128 _bBC _cFOLL _d-66800 _eTS1 _i28892 _mD _si |
||
| 949 |
_aFolleto 5128 _bBC _cFOLL _d33724002239446 _eTS2 _fc.2 _gDonaciØn _i28892 _si |
||
| 949 |
_aFolleto 5128 _bBC _cFOLL _d33724002253488 _eTS2 _fc.3 _gDonaciØn _i28892 _si |
||
| 999 |
_c23820 _d23820 |
||